|
|
|
|
| LEADER |
00000nam0a2200000 4500 |
| 001 |
361875 |
| 005 |
20240625103722.0 |
| 035 |
|
|
|a (RuTPU)RU\TPU\retro\19221
|
| 090 |
|
|
|a 361875
|
| 100 |
|
|
|a 20210706d188 m||y1gery50 ba
|
| 101 |
0 |
|
|a ger
|
| 102 |
|
|
|a DE
|
| 105 |
|
|
|a a z 000zy
|
| 181 |
|
0 |
|b e
|
| 182 |
|
0 |
|a n
|
| 183 |
|
0 |
|a nc
|2 RDAcarrier
|
| 200 |
1 |
|
|a Brauer- und Mälzer- Kalender für Deutschland und Oesterreich
|e Jahrgang 1888-1889 (1. Oktober 1888 bis 31. Dezember 1889)
|f Herausgegeben von L. Aubry, C. Lintner, Jul. Thausing, M. Krandauer
|h Zweiter Theil
|
| 205 |
|
|
|a zwölfter Jahrgang
|
| 210 |
|
|
|a Stuttgart
|c Verlag von Max Waag
|d 188?
|
| 215 |
|
|
|a IV,184, XXVIII, 164 S.
|c il.
|
| 283 |
|
|
|a volume
|
| 300 |
|
|
|a В описании используется грамматика 19 века
|
| 300 |
|
|
|a Раздельная пагинация страниц
|
| 317 |
|
|
|5 63413507: 13664
|a Поступил в НТБ в 1914 г. в дар от первого директора ТТИ профессора Е. Л. Зубашева
|
| 320 |
|
|
|a Verzeichniß sämmtlicher Schriften über Brauereiwesen: S. 159-184
|
| 541 |
1 |
|
|a Календарь пивоваров и солодовников Германии и Австрии
|z rus
|
| 606 |
1 |
|
|a Пиво
|2 stltpush
|3 (RuTPU)RU\TPU\subj\73747
|9 86571
|
| 610 |
1 |
|
|a пивоварение
|
| 610 |
1 |
|
|a пивовары
|
| 610 |
1 |
|
|a солодовники
|
| 610 |
1 |
|
|a календари
|
| 610 |
1 |
|
|a Германия
|
| 610 |
1 |
|
|a Австрия
|
| 610 |
1 |
|
|a 19 век
|
| 610 |
1 |
|
|a немецкий язык
|
| 610 |
1 |
|
|a Коллекция Е. Л. Зубашева
|
| 610 |
1 |
|
|a дары библиотеке
|
| 675 |
|
|
|a 663
|v 4
|
| 702 |
|
1 |
|a Aubry
|b L.
|4 340
|
| 702 |
|
1 |
|a Lintner
|b C.
|4 340
|
| 702 |
|
1 |
|a Thausing
|b Jul.
|4 340
|
| 702 |
|
1 |
|a Krandauer
|b M.
|4 340
|
| 801 |
|
1 |
|a RU
|b 63413507
|c 20210706
|
| 801 |
|
2 |
|a RU
|b 63413507
|c 20210720
|g RCR
|
| 942 |
|
|
|c BK
|